<?xml version="1.0" encoding="UTF-8"?>
<marc:record xmlns:marc="http://www.loc.gov/MARC21/slim">
   <marc:leader>00000nam a2200000 a 4500</marc:leader>
   <marc:datafield ind1="1" ind2=" " tag="100">
      <marc:subfield code="a">Schweikert, Ulrike</marc:subfield>
      <marc:subfield code="4">aut</marc:subfield>
      <marc:subfield code="e">Verfasser/-in</marc:subfield>
   </marc:datafield>
   <marc:datafield ind1="0" ind2="0" tag="245">
      <marc:subfield code="a">Woher wir kamen</marc:subfield>
   </marc:datafield>
   <marc:datafield ind1="0" ind2="0" tag="245">
      <marc:subfield code="b">Roman</marc:subfield>
   </marc:datafield>
   <marc:datafield ind1="0" ind2="0" tag="245">
      <marc:subfield code="c">Ulrike Schweikert</marc:subfield>
   </marc:datafield>
   <marc:datafield ind1=" " ind2="1" tag="264">
      <marc:subfield code="a">Reinbek bei Hamburg</marc:subfield>
      <marc:subfield code="b">Rowohlt-Taschenbuch-Verl.</marc:subfield>
      <marc:subfield code="c">2024</marc:subfield>
   </marc:datafield>
   <marc:datafield ind1="1" ind2=" " tag="520">
      <marc:subfield code="a">Als sie bei der Testamentseröffnung ihres Vaters erfährt, dass sie ein Haus auf Cape Cod geerbt hat, fällt Jane aus allen Wolken. Was hat es mit diesem Haus auf sich und mit dem Stapel Briefe &#x96; auf Deutsch verfasst &#x96; aus dem Nachlass ihrer Mutter? Seit ihrem traumatischen Einsatz als Sanitäterin im Irakkrieg wird Jane von Albträumen geplagt. Selbst die Musik, die ihr einst alles bedeutete, hat sie aufgegeben. Die Tochter eines schwarzen US Marines und einer weißen Krankenschwester mit deutschen Wurzeln fühlt sie sich nirgends zugehörig. Während sie das Haus auf Cape Cod ausräumt, das ihren aus Deutschland ausgewanderten Großeltern gehörte, erschließt sie sich Stück für Stück die Geschichte ihrer Herkunft. Vor allem die Briefe berühren sie zutiefst. Sie schrieb ihr Großvater 1915 aus Bagdad an seine spätere Frau. Ein besonders dunkles Kapitel der Geschichte entblättert sich, aber auch die Geschichte einer großen Liebe</marc:subfield>
   </marc:datafield>
   <marc:datafield ind1=" " ind2=" " tag="020">
      <marc:subfield code="a">9783499009884</marc:subfield>
      <marc:subfield code="9">9783499009884</marc:subfield>
   </marc:datafield>
   <marc:datafield ind1=" " ind2=" " tag="020">
      <marc:subfield code="a">3499009889</marc:subfield>
      <marc:subfield code="9">3499009889</marc:subfield>
   </marc:datafield>
   <marc:datafield ind1=" " ind2=" " tag="300">
      <marc:subfield code="a">508 S.</marc:subfield>
   </marc:datafield>
</marc:record>
